000 00665nam a2200229 a 4500
005 20260322212014.0
008 data
010 _a75018880
020 _a0891040242
020 _a9780891040248
040 _aDLC
_cDLC
_dWSC
_dWSC
049 _aWSCC
050 0 _aPR4621
_b.M45 1975
082 _a823/.9/12
100 1 _aDoyle, Arthur Conan,
_d1859-1930.
_cSir,
245 1 4 _aThe memoirs of Sherlock Holmes /
_cArthur Conan Doyle.
260 0 _aNew York :
_bA & W Visual Library,
_cc1975.
300 _a279 p. :
_bill. ;
_c23 cm.
500 _aReprint. Originally published: London : G. Newnes, 1894.
650 0 _aDetective and mystery stories, English.
001 data
999 _c296
_d296